=LDR 00000nam 2200000 4500 =001 INLIS000000000030223 =005 20230914030000 =035 ##$$a 0010-061300000030223 =008 230914###########################0###### =041 ##$$a Indonesia =082 ##$$a 819.9 =090 ##$$a 819.9, Sri, =100 ##$$a Sri Sayekti =245 1#$$a Dewi rara amiscSri Suyekti =260 ##$$a 2006 :$b Jakarta =300 ##$$a vii,63 hlm., ilus., 21 cm =650 #4$$a Sastra Merlayu Jakarta =850 ##$$a NBPNMAT =084 ##$$a 819.9 SRI d =990 ##$$a 3200500677 =990 ##$$a 30802305